¿Sabes quién viene? = Carnage /
Guardat en:
| Autor principal: | |
|---|---|
| Altres autors: | , , , , , , , |
| Format: | |
| Idioma: | anglès |
| Publicat: |
París, Francia :
SBS Productions,
2011, c2011
|
| Matèries: | |
| Etiquetes: |
Sense etiquetes, Sigues el primer a etiquetar aquest registre!
|
MARC
| LEADER | 00000ngm^a2200000^a^4500 | ||
|---|---|---|---|
| 001 | 000326597 | ||
| 005 | 20250521000000.0 | ||
| 009 | 20260310113811.282 | ||
| 037 | |a Acervo ITESO - Biblioteca | ||
| 041 | |a ING | ||
| 082 | |a 820. |b POL | ||
| 100 | |a Polanski, Roman |e (realización) | ||
| 245 | 1 | 0 | |a ¿Sabes quién viene? = |b Carnage / |c Realización de R. Polanski. |
| 264 | 4 | |a París, Francia : |b SBS Productions, |c 2011, c2011 | |
| 264 | 2 | |a México : |b Gussi [distribución] : |b Videomax [distribución], |c 2012, c2012 | |
| 300 | |a 1 DVD regiones 1 y 4 |c (79 min.) | ||
| 336 | |a imagen móvil bidimensional |b tdi |2 rdacontenido | ||
| 337 | |a video |b v |2 rdamedio | ||
| 338 | |a videodisco |b vd |2 rdasoporte | ||
| 500 | |a Basado en: Un dios salvaje, de Yasmina Reza | ||
| 546 | |a En inglés, con subtítulos opcionales: español, inglés | ||
| 546 | |a Doblaje opcional: español | ||
| 586 | |a Premio David di Donatello, de la Academia Italiana de Cine (57°: 2012): Mejor Película de la Unión Europea (finalista) | ||
| 586 | |a Premio Goya, de la Academia Española de Cine (26°: 2012): Mejor Película Europea (finalista) | ||
| 649 | |a XX | ||
| 650 | |a Cineastas Polacos | ||
| 650 | |a Familia Disfuncional en el Cine | ||
| 650 | |a Comedias de Humor Negro | ||
| 650 | |a Comedias Cinematográficas | ||
| 650 | |a Cine en Inglés - |z Francia | ||
| 650 | |a Cine Francés - |y 2010-2019 | ||
| 650 | |a Cine Francés - |y Siglo XXI | ||
| 650 | |a Teatro Francés - |x Adaptaciones para Cine | ||
| 650 | |a Literatura Francesa - |y Siglo XXI - |x Adaptaciones para Cine | ||
| 650 | |a Literatura y Cine | ||
| 650 | |a Matrimonio | ||
| 650 | |a Relaciones de Pareja | ||
| 650 | |a Relaciones Intergénero | ||
| 650 | |a Conflicto (Relaciones Personales) | ||
| 650 | |a Comunicación Personal | ||
| 650 | |a Departamentos en el Cine | ||
| 700 | |a Reza, Yasmina |e (guión) | ||
| 700 | |a Polanski, Roman |e (guión) | ||
| 700 | |a Edelman, Pawel |e (fotógrafo) | ||
| 700 | |a Luze, Hervé de |e (montaje) | ||
| 700 | |a Desplat, Alexandre |e (música) | ||
| 700 | |a Foster, Jodie |e (actuación) | ||
| 700 | |a Winslet, Kate |e (actuación) | ||
| 700 | |a Waltz, Christoph |e (actuación) | ||
| 910 | |a Fondo General | ||
| 920 | |a Audiovisuales - DVDs | ||
| 940 | |a Películas | ||
| 905 | |a 302 | ||
| 901 | |a 0500214953 |b IT2 |c DVS |i C134082 |u 20250521 | ||
| 902 | |a https://opac.biblio.iteso.mx/vufind/Record/000326597 | ||